Problema dell'assoluto / (Record no. 167193)

MARC details
000 -LEADER
campo de control de longitud fija 00590nam a22001815i 4500
001 - NÚMERO DE CONTROL
campo de control 167193
003 - IDENTIFICADOR DE NÚMERO DE CONTROL
campo de control ES-MaACL
005 - FECHA Y HORA DE LA ÚLTIMA TRANSACCIÓN
campo de control 20251004063217.0
008 - DATOS DE LONGITUD FIJA--INFORMACIÓN GENERAL
campo de control de longitud fija 050921m18721875it | |||||||| ||ita d
040 ## - FUENTE DE CATALOGACIÓN
Centro catalogador/agencia de origen CAM
Lengua de catalogación spa
Centro/agencia transcriptor CAM
100 1# - ENTRADA PRINCIPAL--NOMBRE DE PERSONA
Nombre de persona Vera, Augusto,
Fechas asociadas al nombre 1813-1885
9 (RLIN) 133627
245 10 - MENCIÓN DEL TÍTULO
Título Problema dell'assoluto /
Mención de responsabilidad, etc. per A. Vera.
260 ## - PUBLICACIÓN, DISTRIBUCIÓN, ETC.
Lugar de publicación, distribución, etc. Napoli :
Nombre del editor, distribuidor, etc. [s.n.],
Fecha de publicación, distribución, etc. 1872-1875 (
Fabricante Stamperia della R. Universitá)
300 ## - DESCRIPCIÓN FÍSICA
Extensión 2 v. (VIII, 153 ; VIII, 144 p.) ;
Dimensiones 24 cm.
650 #7 - PUNTO DE ACCESO ADICIONAL DE MATERIA--TÉRMINO DE MATERIA
Término de materia o nombre geográfico como elemento de entrada Filosofía
Fuente del encabezamiento o término embne
9 (RLIN) 12802
852 ## - LOCALIZACIÓN
Ubicación ES-MaACL
Número de control de estantería F-8718-19
Nota libre -- Enc. hol.
Holdings
Estatus retirado Estado de pérdida Estado de daño No para préstamo Colección Biblioteca de origen Biblioteca actual Ubicación en estantería Fecha de adquisición Total de préstamos Signatura topográfica completa Código de barras Visto por última vez Precio de reemplazo Tipo de ítem Koha
        Libros del s. XIX Biblioteca del Ateneo de Madrid Biblioteca del Ateneo de Madrid Sala Pecera Planta 2 17/01/2008   F-8718-19 1175385 23/02/2023 23/02/2023 Libro impreso antiguo